| 000 | 00527nam a2200193Ia 4500 | ||
|---|---|---|---|
| 999 |
_c30188 _d30188 |
||
| 003 | OSt | ||
| 005 | 20210208113245.0 | ||
| 008 | 190216s9999||||xx |||||||||||||| ||und|| | ||
| 020 | _a9789352820658 | ||
| 040 | _coclc | ||
| 082 |
_a894.8123 _bMUK/N |
||
| 100 |
_aMukundan, M _96509 |
||
| 245 | 0 |
_aNrutham Cheyyunna Kudakal / _cM Mukundan |
|
| 250 | _a2nd Ed. | ||
| 260 |
_bD C Books, _c2018. _aKottayam: |
||
| 300 | _a374p | ||
| 650 | _aMalayalam | ||
| 942 |
_cBK _2ddc _h894.8123 _iMUK/N _k894.8123 _mMUK/N |
||